[Event "World op 48th"]
[Site "ICC INT"]
[Date "2020.08.07"]
[Round "1"]
[White "Chasin, Nico Werner"]
[Black "Khattar, Tanmay"]
[Result "1-0"]
[WhiteElo "2303"]
[BlackElo "2027"]
[PlyCount "61"]
[EventDate "2020.08.07"]
[EventType "swiss"]
[EventRounds "9"]
[EventCountry "USA"]
[SourceTitle "CBM 197 Extra"]
[Source "ChessBase"]
[SourceDate "2020.09.30"]
[SourceVersion "1"]
[SourceVersionDate "2020.09.30"]
[SourceQuality "1"]

1. e4 e5 2. Nf3 Nc6 3. Bc4 Bc5 4. c3 Nf6 5. b4 Be7 6. d3 d5 7. exd5 Nxd5 8. 0-0 0-0 9. Re1 Be6 10. b5 Na5 11. Nxe5 Nxc4 12. Nxc4 Bf6 13. Qd2 a6 14. bxa6 Rxa6 15. Ne5 b5 16. d4 c5 17. Qb2 b4 18. dxc5 Nxc3 19. Nxc3 bxc3 20. Qxc3 Rxa2 21. Rxa2 Bxa2 22. Bb2 Re8 23. h3 Qc7 24. Nd3 Rc8 25. Qa3 Bxb2 26. Qxa2 Bd4 27. Qd5 Rd8 28. Qxd4 h6 29. Qc4 Qa5 30. c6 Rxd3 31. Re8+ 1-0